LEADER 01277nam0 22003131i 450 001 UON00020906 005 20231205102018.385 100 $a20020107d1962 |0itac50 ba 101 $afre 102 $aLB 105 $a|||| 1|||| 200 1 $aˆL'‰Eglise Maronite$fPierre Dib 210 $aBeyrouth$cImprimérie Catholique [st.]$d1962 215 $a v.$dc 300 $aPoss. : tome II : Les Maronites sous les Ottomans : histoire civile d'après les principaux témoins contemporains 316 $aLIB IV 29 (2)$5IT-UONSI LIBIV/029 606 $aCRISTIANESIMO$xLIBANO$xMARONITI$xSTORIA$3UONC007284$2FI 606 $aLIBANO$xSTORIA$xSEC. XVIII$3UONC007289$2FI 606 $aLIBANO$xSTORIA$xSEC. XIX$3UONC007290$2FI 620 $aLB$dBair?t$3UONL000162 686 $aLIB IV$cLIBANO - STORIA$2A 700 1$aDIB$bPierre$3UONV014327$0277050 712 $aMa?ba?at al-Katulikiyyah$3UONV262032$4650 801 $aIT$bSOL$c20240220$gRICA 899 $aSIBA - SISTEMA BIBLIOTECARIO DI ATENEO$2UONSI 912 $aUON00020906 950 $aSIBA - SISTEMA BIBLIOTECARIO DI ATENEO$dSI LIB IV 029 $eSI AR 335 5 029 LIB IV 29 (2) 996 $aEglise Maronite$91196813 997 $aUNIOR